00266nam a2200109Ia 4500008004100000041000800041082001500049100001500064245003700079260003100116300000900147220803s9999 xx 000 0 und d aeng a891.46 DIV aDivekar R. aDon't Luj Your Mind Luj Your Wet aPunebAmey Prakashanc2009 a204p